Entertainment industry economics : a guide for financial analysis

Αποθηκεύτηκε σε:
Λεπτομέρειες βιβλιογραφικής εγγραφής
Κύριος συγγραφέας: Vogel, Harold L. 1946-
Μορφή: Βιβλίο
Γλώσσα:English
Δημοσίευση: Cambridge : Cambridge University Press, c1998
Έκδοση:4th ed.
Θέματα:
Ετικέτες: Προσθήκη ετικέτας
Δεν υπάρχουν, Καταχωρήστε ετικέτα πρώτοι!

MARC

LEADER 00000nam a2200000 i 4500
001 1/102104
008 000222s1998 eng d
020 |a 0-521-59438-3 
035 |l 10057948 
040 |a GR-MY-UA  |b gre  |e aacr 
041 0 |a eng 
082 0 |a 338.47791 
100 1 |a Vogel, Harold L.  |d 1946- 
245 1 0 |a Entertainment industry economics :  |b a guide for financial analysis /  |c Harold L. Vogel 
250 |a 4th ed. 
260 |a Cambridge :   |b Cambridge University Press,   |c c1998 
300 |a xx, 490 σ.;  |b εικ.;  |c 24 εκ. 
504 |a Περιέχει βιβλιογραφικές παραπομπές και ευρετήριο 
650 0 0 |a Performing arts  |x Finance. 
852 |a INST  |b LESVOS  |e 20000222  |h 338.47791 VOG  |p 005100021555  |q 005100021555  |t BK  |y 4  |x 20000316 
901 |a BIBL1-2000-1 
909 |a Λ  |b 075501 
920 |a ΕΡΓΑΣΤΗΡΙΟ ΠΟΛΙΤΙΣΜΙΚΗΣ ΕΠΙΚΟΙΝΩΝΙΑΣ ΚΑΙ ΤΕΚΜΗΡΙΩΣΗΣ  |y ΛΕΣΒΟΣ  |z 2000-02 
970 |a ΜΟΥΣΤΑΚΑ  |b ΠΗΝΕΛΟΠΗ  |z 2000/02/22